[Event "Bayern-chTT (RL Nord-West)"]
[Site "Bayern 2008/09"]
[Date "2008.12.14"]
[Round "4.3"]
[White "Hild, Detlef"]
[Black "Bucka, Reinhard"]
[Result "0-1"]
[WhiteElo "2050"]
[BlackElo "1971"]
[PlyCount "58"]
[EventDate "2009.03.??"]
[EventType "team-tourn"]
[EventRounds "9"]
[WhiteTeam "Nordhalben 1"]
[BlackTeam "Bamberg-SC 2"]

1. Nf3 c5 2. c4 Nc6 3. Nc3 g6 4. g3 Bg7 5. Bg2 Nf6 6. O-O d5 7. cxd5 Nxd5 8.
Qa4 Nc7 9. d3 Bd7 10. Be3 b6 11. Qc2 O-O 12. Qd2 Rc8 13. Bh6 e5 14. Bxg7 Kxg7
15. h4 h6 16. Ne4 Qe7 17. e3 Rfd8 18. a3 Bf5 19. Nh2 c4 20. Qc3 Na5 21. dxc4
Nd5 22. cxd5 Rxc3 23. Nxc3 Nc4 24. e4 Bd7 25. b4 Rc8 26. Rfc1 Nd2 27. Nd1 Qd8
28. Nf3 Nb3 29. Rxc8 Qxc8 0-1

[Event "Bayern-chTT (RL Nord-West)"]
[Site "Bayern 2008/09"]
[Date "2008.12.14"]
[Round "4.4"]
[White "Weinberg, Wladimir"]
[Black "Scherbel, Hans"]
[Result "1/2-1/2"]
[WhiteElo "1923"]
[BlackElo "2023"]
[PlyCount "53"]
[EventDate "2009.03.??"]
[EventType "team-tourn"]
[EventRounds "9"]
[WhiteTeam "Bamberg-SC 2"]
[BlackTeam "Nordhalben 1"]

1. e4 e6 2. d3 d5 3. Nd2 Nf6 4. Ngf3 c5 5. g3 Nc6 6. Bg2 Be7 7. O-O O-O 8. e5
Nd7 9. Re1 Qc7 10. Qe2 b6 11. Nf1 Ba6 12. Bf4 Rfe8 13. c3 Nf8 14. h4 Ng6 15.
Bg5 Bxg5 16. hxg5 Rad8 17. N1h2 d4 18. c4 Bb7 19. Ng4 Qe7 20. Qd2 Nb8 21. Nfh2
Bxg2 22. Kxg2 Nc6 23. f4 Qb7 24. Nf3 Nce7 25. Rh1 Nf5 26. Rae1 Re7 27. Kf2
1/2-1/2

[Event "Bayern-chTT (RL Nord-West)"]
[Site "Bayern 2008/09"]
[Date "2008.12.14"]
[Round "4.5"]
[White "Burgemeister, Wolfgang"]
[Black "Stich, Christopher"]
[Result "0-1"]
[WhiteElo "1979"]
[BlackElo "1951"]
[PlyCount "86"]
[EventDate "2009.03.??"]
[EventType "team-tourn"]
[EventRounds "9"]
[WhiteTeam "Nordhalben 1"]
[BlackTeam "Bamberg-SC 2"]

1. Nf3 g6 2. d4 Bg7 3. g3 Nf6 4. Bg2 O-O 5. O-O d6 6. a4 Nc6 7. d5 Nb4 8. Ne1
e6 9. e4 exd5 10. exd5 Bf5 11. c3 Na6 12. Nd2 Qd7 13. Nc2 Rfe8 14. Ne3 Bh3 15.
Qf3 Bxg2 16. Nxg2 Re5 17. Ne3 Nc5 18. b3 Rae8 19. Rb1 Nce4 20. Ndc4 Rh5 21. Bb2
Qh3 22. Qg2 Qxg2+ 23. Kxg2 Nxd5 24. g4 Nxe3+ 25. Nxe3 Rc5 26. Rbd1 Nxc3 27. Rc1
Ne4 28. Bxg7 Kxg7 29. b4 Rxc1 30. Rxc1 c6 31. Nc4 Rd8 32. f3 Ng5 33. Rd1 d5 34.
Ne5 Ne6 35. Kg3 Kf6 36. Nd3 b6 37. Rc1 Rc8 38. a5 c5 39. axb6 axb6 40. bxc5
bxc5 41. f4 c4 42. Nb4 Rc5 43. Na2 d4 0-1

[Event "Bayern-chTT (RL Nord-West)"]
[Site "Bayern 2008/09"]
[Date "2008.12.14"]
[Round "4.6"]
[White "Ortlauf, Erwin"]
[Black "Schultes, Dieter"]
[Result "1/2-1/2"]
[WhiteElo "1910"]
[BlackElo "1876"]
[PlyCount "33"]
[EventDate "2009.03.??"]
[EventType "team-tourn"]
[EventRounds "9"]
[WhiteTeam "Bamberg-SC 2"]
[BlackTeam "Nordhalben 1"]

1. d4 g6 2. c4 Bg7 3. Nc3 d6 4. e4 Nc6 5. Be3 e5 6. Nge2 f5 7. f3 Nf6 8. Qd2
fxe4 9. fxe4 exd4 10. Nxd4 Nxd4 11. Bxd4 O-O 12. O-O-O Bg4 13. Re1 Qe7 14. h3
Be6 15. g4 Qf7 16. Nd5 Bxd5 17. exd5 1/2-1/2

[Event "Bayern-chTT (RL Nord-West)"]
[Site "Bayern 2008/09"]
[Date "2008.12.14"]
[Round "4.7"]
[White "Zimmermann, Frank(61)"]
[Black "Sonnenberg, Christoph"]
[Result "0-1"]
[WhiteElo "1764"]
[BlackElo "1864"]
[PlyCount "138"]
[EventDate "2009.03.??"]
[EventType "team-tourn"]
[EventRounds "9"]
[WhiteTeam "Nordhalben 1"]
[BlackTeam "Bamberg-SC 2"]

1. c4 g6 2. g3 Bg7 3. Bg2 d6 4. Nc3 Nd7 5. d3 e5 6. Bd2 Ne7 7. b4 O-O 8. Qc2
Nc6 9. Rb1 Nd4 10. Qc1 c6 11. a4 f5 12. e3 Ne6 13. Nge2 Nf6 14. O-O d5 15. b5
d4 16. exd4 exd4 17. Nd1 c5 18. a5 Ng4 19. b6 Ne5 20. Qc2 Nd7 21. Bd5 Re8 22.
Nf4 Ndf8 23. a6 Qd7 24. Qb3 axb6 25. axb7 Bxb7 26. Bxb7 Qxb7 27. Qxb6 Qxb6 28.
Rxb6 Ra2 29. Rb2 Ra3 30. Re1 Kf7 31. Rb7+ Re7 32. Rxe7+ Kxe7 33. Kf1 Kf7 34.
Nxe6 Nxe6 35. Ke2 Ra2 36. f4 h6 37. Nf2 g5 38. fxg5 hxg5 39. Rb1 Be5 40. Rb7+
Kf6 41. Rb6 Bc7 42. Rb5 Kg6 43. Ke1 Kh5 44. Rb1 f4 45. g4+ Kh4 46. Rd1 f3 47.
Ne4 Bxh2 48. Nf6 Be5 49. Ne4 Kxg4 50. Kf2 Bf4 51. Rg1+ Kf5 52. Rd1 g4 53. Ng3+
Kg6 54. Ne4 Ng5 55. Ke1 Bxd2+ 56. Rxd2 Ra1+ 57. Kf2 Nxe4+ 58. dxe4 Rc1 59. Kg3
Kg5 60. e5 Re1 61. Ra2 Rxe5 62. Ra8 Kf5 63. Rf8+ Ke4 64. Kxg4 d3 65. Rxf3 d2
66. Rf1 Kd3 67. Kf4 Re1 68. Rf3+ Kc2 69. Rf2 Kc1 0-1

[Event "Bayern-chTT (RL Nord-West)"]
[Site "Bayern 2008/09"]
[Date "2008.12.14"]
[Round "4.8"]
[White "Kuhlemann, Alexander"]
[Black "Stumpf, Hilmar"]
[Result "0-1"]
[WhiteElo "1742"]
[BlackElo "1866"]
[PlyCount "80"]
[EventDate "2009.03.??"]
[EventType "team-tourn"]
[EventRounds "9"]
[WhiteTeam "Bamberg-SC 2"]
[BlackTeam "Nordhalben 1"]

1. f4 d6 2. Nf3 g6 3. e3 Bg7 4. d4 Nf6 5. Bd3 O-O 6. O-O e6 7. b3 b6 8. Bb2 Bb7
9. Nbd2 Nbd7 10. c4 c5 11. Rc1 Rc8 12. Re1 Qc7 13. Qc2 Rfe8 14. h3 cxd4 15.
exd4 Nh5 16. Ba3 Nxf4 17. Be4 Ba6 18. Bd3 Nxd3 19. Qxd3 Nf6 20. g4 Bb7 21. Re2
d5 22. Ne5 Qd8 23. c5 bxc5 24. dxc5 Ne4 25. Nxe4 dxe4 26. Qxd8 Rexd8 27. Nc4
Bd4+ 28. Ne3 f5 29. Kh2 f4 30. Nf1 Be5 31. Rec2 Bc6 32. Bb2 Bc7 33. Rd2 e3 34.
Rd4 Rxd4 35. Bxd4 Rd8 36. Bc3 Rd3 37. Be1 Be5 38. b4 e2 39. Nd2 f3+ 40. Kg1
Bd4+ 0-1

[Event "Bayern-chTT (RL Nord-West)"]
[Site "Bayern 2008/09"]
[Date "2008.12.14"]
[Round "4.1"]
[White "Englert, Fabian"]
[Black "Braeutigam, Thomas"]
[Result "1-0"]
[WhiteElo "2174"]
[BlackElo "2036"]
[PlyCount "57"]
[EventDate "2009.03.??"]
[EventType "team-tourn"]
[EventRounds "9"]
[WhiteTeam "Klingenberg 1"]
[BlackTeam "Würzburg 2"]

1. d4 d5 2. Nf3 Nf6 3. Bg5 Ne4 4. Bf4 c5 5. dxc5 Nc6 6. Nbd2 Nxc5 7. e3 Qb6 8.
Be2 Ne6 9. Bg3 d4 10. O-O dxe3 11. Nc4 Qc5 12. b4 Nxb4 13. Nfe5 Nd8 14. Rb1 e6
15. Nxe3 Be7 16. c3 Nbc6 17. Rb5 Qxc3 18. Qb1 Nd4 19. Bd3 Nxb5 20. Bxb5+ Kf8
21. Re1 Qa3 22. Rd1 a6 23. N5c4 Qc5 24. Rxd8+ Bxd8 25. Bd6+ Qxd6 26. Nxd6 axb5
27. Qxb5 Ke7 28. Nxb7 Rxa2 29. Qc5+ 1-0

[Event "Bayern-chTT (RL Nord-West)"]
[Site "Bayern 2008/09"]
[Date "2008.12.14"]
[Round "4.2"]
[White "Kuhn, Norbert"]
[Black "Strobel, Walter(53)"]
[Result "1-0"]
[WhiteElo "2081"]
[BlackElo "2127"]
[PlyCount "83"]
[EventDate "2009.03.??"]
[EventType "team-tourn"]
[EventRounds "9"]
[WhiteTeam "Würzburg 2"]
[BlackTeam "Klingenberg 1"]

1. e4 e5 2. d4 exd4 3. Nf3 Bb4+ 4. Bd2 Qe7 5. Bd3 Bxd2+ 6. Qxd2 Nc6 7. O-O Nf6
8. e5 Nd5 9. Be4 Qc5 10. Qg5 O-O 11. Nbd2 h6 12. Qf5 g6 13. Qh3 Kg7 14. Nb3 Qc4
15. Nfd2 Qb5 16. a4 Qb4 17. Bxd5 Nxe5 18. c3 dxc3 19. Qxc3 Qxc3 20. bxc3 d6 21.
Nf3 c6 22. Nxe5 dxe5 23. Bc4 Rd8 24. Rfd1 Bf5 25. Kf1 Bc2 26. Rxd8 Rxd8 27. Rc1
Bf5 28. Ke2 b6 29. Rd1 Rxd1 30. Kxd1 Kf6 31. Kd2 Ke7 32. Nc1 f6 33. Bd3 Bxd3
34. Kxd3 Kd6 35. Kc4 a5 36. Nb3 Ke6 37. Kd3 f5 38. c4 c5 39. f3 Kf6 40. Nd2 Kg5
41. Ke3 Kh4 42. Nb1 1-0

[Event "Bayern-chTT (RL Nord-West)"]
[Site "Bayern 2008/09"]
[Date "2008.12.14"]
[Round "4.3"]
[White "Kraich, Klaus"]
[Black "Vogt, Thomas(67)"]
[Result "1-0"]
[WhiteElo "2100"]
[BlackElo "1895"]
[PlyCount "79"]
[EventDate "2009.03.??"]
[EventType "team-tourn"]
[EventRounds "9"]
[WhiteTeam "Klingenberg 1"]
[BlackTeam "Würzburg 2"]

1. c4 e5 2. Nc3 Nf6 3. g3 d5 4. cxd5 Nxd5 5. Bg2 Nb6 6. Nf3 Nc6 7. a3 Be7 8.
O-O O-O 9. b4 a6 10. d3 Be6 11. Ne4 f6 12. Bb2 Qd7 13. Rc1 Rab8 14. Nc5 Bxc5
15. Rxc5 Nd4 16. Nd2 Na4 17. Bxd4 exd4 18. Bc6 bxc6 19. Qxa4 Bd5 20. Nf3 Qg4
21. Kg2 Rfe8 22. Rxd5 cxd5 23. h3 Qe6 24. Nxd4 Qb6 25. Nc6 Qb5 26. Qc2 Rb6 27.
Rc1 d4 28. Qa2+ Kf8 29. Nxd4 Qe5 30. e3 h6 31. Rc5 Qd6 32. Qc4 c6 33. Nxc6 g6
34. Nd4 Kg7 35. h4 h5 36. Rc7+ Re7 37. Rc8 Rf7 38. Re8 Rbb7 39. Ne6+ Kh7 40.
Qc8 1-0

[Event "Bayern-chTT (RL Nord-West)"]
[Site "Bayern 2008/09"]
[Date "2008.12.14"]
[Round "4.4"]
[White "Ersoez, Can"]
[Black "Kuhn, Tobias(85)"]
[Result "0-1"]
[WhiteElo "1883"]
[BlackElo "2053"]
[PlyCount "65"]
[EventDate "2009.03.??"]
[EventType "team-tourn"]
[EventRounds "9"]
[WhiteTeam "Würzburg 2"]
[BlackTeam "Klingenberg 1"]

1. e4 c5 2. Nf3 d6 3. Bb5+ Nc6 4. Bxc6+ bxc6 5. O-O Bg4 6. d3 e5 7. Nbd2 Nf6 8.
h3 Bh5 9. Re1 h6 10. Nf1 g5 11. Ng3 Bg6 12. Nh2 Qd7 13. Ng4 Be7 14. Qf3 Nxg4
15. hxg4 h5 16. gxh5 g4 17. Qe3 Bxh5 18. a3 Bg6 19. b4 cxb4 20. axb4 Bf6 21.
Bb2 Bg7 22. d4 Qe6 23. dxe5 Bxe5 24. Bxe5 Qxe5 25. Rxa7 O-O 26. Rea1 Rxa7 27.
Rxa7 Re8 28. Qb3 Qd4 29. Rc7 Qd1+ 30. Kh2 Qd2 31. Nf5 Qf4+ 32. Qg3 Rxe4 33.
Nxd6 0-1

[Event "Bayern-chTT (RL Nord-West)"]
[Site "Bayern 2008/09"]
[Date "2008.12.14"]
[Round "4.5"]
[White "Wambach, Juergen"]
[Black "Posske, Thore"]
[Result "1-0"]
[WhiteElo "1975"]
[BlackElo "1939"]
[PlyCount "63"]
[EventDate "2009.03.??"]
[EventType "team-tourn"]
[EventRounds "9"]
[WhiteTeam "Klingenberg 1"]
[BlackTeam "Würzburg 2"]

1. c4 Nf6 2. Nc3 e6 3. e4 d6 4. d4 Be7 5. Bd3 Nbd7 6. Nge2 c5 7. d5 exd5 8.
cxd5 O-O 9. O-O a6 10. a4 b6 11. f4 Qc7 12. Kh1 Re8 13. b3 Bf8 14. h3 g6 15.
Bb2 Bg7 16. Rb1 Bb7 17. g4 Re7 18. Ng3 h6 19. h4 g5 20. Nf5 Ree8 21. Nxg7 Kxg7
22. hxg5 hxg5 23. fxg5 Ne5 24. gxf6+ Kg6 25. Ne2 Rh8+ 26. Kg2 Qd7 27. Nf4+ Kxf6
28. Nh3+ Ke7 29. Bxe5 dxe5 30. Qf3 Raf8 31. Qf6+ Ke8 32. Rf5 1-0

[Event "Bayern-chTT (RL Nord-West)"]
[Site "Bayern 2008/09"]
[Date "2008.12.14"]
[Round "4.6"]
[White "Bachmann, Wolfgang"]
[Black "Suess, Mirco"]
[Result "0-1"]
[WhiteElo "1903"]
[BlackElo "1930"]
[PlyCount "48"]
[EventDate "2009.03.??"]
[EventType "team-tourn"]
[EventRounds "9"]
[WhiteTeam "Würzburg 2"]
[BlackTeam "Klingenberg 1"]

1. d4 d5 2. c4 c6 3. Nf3 e6 4. Nc3 dxc4 5. a4 Bb4 6. e3 b5 7. Bd2 a5 8. axb5
Bxc3 9. Bxc3 cxb5 10. b3 Bb7 11. bxc4 b4 12. Bb2 Nf6 13. Bd3 O-O 14. O-O Nbd7
15. c5 a4 16. Rxa4 Rxa4 17. Qxa4 Bxf3 18. gxf3 Nxc5 19. dxc5 Qxd3 20. Qxb4 Qf5
21. Rc1 Qxf3 22. Qd4 Qc6 23. Qd6 Rc8 24. Bxf6 Qxd6 0-1

[Event "Bayern-chTT (RL Nord-West)"]
[Site "Bayern 2008/09"]
[Date "2008.12.14"]
[Round "4.7"]
[White "Zoeller, Bernd"]
[Black "Reitz, Helmut(55)"]
[Result "1-0"]
[WhiteElo "1904"]
[BlackElo "1859"]
[PlyCount "57"]
[EventDate "2009.03.??"]
[EventType "team-tourn"]
[EventRounds "9"]
[WhiteTeam "Klingenberg 1"]
[BlackTeam "Würzburg 2"]

1. c4 Nf6 2. Nc3 e5 3. g3 c6 4. d3 Bc5 5. Nf3 d6 6. Bg2 O-O 7. O-O Be6 8. Bg5
Qe7 9. Ne4 Nbd7 10. Nxc5 Nxc5 11. Qc2 h6 12. Bd2 Qd7 13. b4 e4 14. Nd4 exd3 15.
exd3 Na6 16. Nxe6 fxe6 17. Bh3 Rae8 18. Rae1 Nc7 19. Re2 Qf7 20. Bc3 Qh5 21.
Bg2 e5 22. Ree1 Ne6 23. Qe2 Qf7 24. a4 a6 25. h3 h5 26. Kh2 h4 27. Qe3 hxg3+
28. fxg3 Ng5 29. Qxg5 1-0

[Event "Bayern-chTT (RL Nord-West)"]
[Site "Bayern 2008/09"]
[Date "2008.12.14"]
[Round "4.8"]
[White "Helgert, Johannes"]
[Black "Link, Klaus"]
[Result "1/2-1/2"]
[WhiteElo "1666"]
[BlackElo "1935"]
[PlyCount "58"]
[EventDate "2009.03.??"]
[EventType "team-tourn"]
[EventRounds "9"]
[WhiteTeam "Würzburg 2"]
[BlackTeam "Klingenberg 1"]

1. e4 c6 2. d4 d5 3. Nc3 dxe4 4. Nxe4 Nd7 5. Nf3 Ngf6 6. Nxf6+ Nxf6 7. Bc4 e6
8. O-O Be7 9. Bf4 O-O 10. Re1 c5 11. Be5 b6 12. Qd3 h6 13. Rad1 Bb7 14. c3 Qc8
15. Bb3 Qc6 16. Bc2 c4 17. Qe2 b5 18. Bxf6 Bxf6 19. Qe4 Qxe4 20. Bxe4 Bxe4 21.
Rxe4 a5 22. Ne5 Rfd8 23. a3 Ra6 24. f4 Rc8 25. Nd7 Be7 26. f5 Rd8 27. fxe6 fxe6
28. Ne5 b4 29. axb4 axb4 1/2-1/2

[Event "Bayern-chTT (RL Nord-West)"]
[Site "Bayern 2008/09"]
[Date "2009.01.18"]
[Round "5.1"]
[White "Kliche, Alexander"]
[Black "Englert, Fabian"]
[Result "1/2-1/2"]
[WhiteElo "2126"]
[BlackElo "2174"]
[PlyCount "49"]
[EventDate "2009.03.??"]
[EventType "team-tourn"]
[EventRounds "9"]
[WhiteTeam "Kitzingen 1"]
[BlackTeam "Klingenberg 1"]

1. d4 Nf6 2. Nf3 c5 3. e3 b6 4. Bd3 g6 5. O-O Bg7 6. b3 O-O 7. Bb2 Bb7 8. Nbd2
d6 9. c4 e6 10. Qe2 Nbd7 11. Rfd1 Re8 12. Nf1 Qc7 13. e4 cxd4 14. Bxd4 Nc5 15.
Ng3 Nxd3 16. Qxd3 Rad8 17. Rac1 Qb8 18. Re1 Qa8 19. Rcd1 b5 20. Nd2 bxc4 21.
Nxc4 d5 22. exd5 Bxd5 23. Qc3 e5 24. Bxe5 Re6 25. Ne3 1/2-1/2

[Event "Bayern-chTT (RL Nord-West)"]
[Site "Bayern 2008/09"]
[Date "2009.01.18"]
[Round "5.3"]
[White "Kunz, Konstantin"]
[Black "Kraich, Klaus"]
[Result "1-0"]
[WhiteElo "2185"]
[BlackElo "2100"]
[PlyCount "51"]
[EventDate "2009.03.??"]
[EventType "team-tourn"]
[EventRounds "9"]
[WhiteTeam "Kitzingen 1"]
[BlackTeam "Klingenberg 1"]

1. d4 f5 2. g3 Nf6 3. Bg2 g6 4. Nf3 Bg7 5. O-O O-O 6. c4 d6 7. d5 Nbd7 8. Nd4
Ne5 9. Qb3 Qe8 10. Nc3 a6 11. Rd1 Rb8 12. c5 dxc5 13. d6+ e6 14. dxc7 Ra8 15.
Nf3 Nc6 16. Bf4 h6 17. Bd6 Rf7 18. Ne5 Nxe5 19. Bxe5 Nd7 20. Bd6 Ra7 21. Bxc5
Nxc5 22. Qb6 Qe7 23. Qxa7 Qxc7 24. Rac1 Rd7 25. Nd5 exd5 26. Rxc5 1-0

[Event "Bayern-chTT (RL Nord-West)"]
[Site "Bayern 2008/09"]
[Date "2009.01.18"]
[Round "5.4"]
[White "Kuhn, Tobias(85)"]
[Black "Basel, Matthias"]
[Result "1-0"]
[WhiteElo "2053"]
[BlackElo "1994"]
[PlyCount "125"]
[EventDate "2009.03.??"]
[EventType "team-tourn"]
[EventRounds "9"]
[WhiteTeam "Klingenberg 1"]
[BlackTeam "Kitzingen 1"]

1. e4 g6 2. d4 Bg7 3. c4 d6 4. Nc3 Nf6 5. Be2 O-O 6. Bg5 c5 7. Nf3 cxd4 8. Nxd4
Qa5 9. Bd2 Qd8 10. Be3 Nc6 11. O-O Bd7 12. Rc1 Rc8 13. b3 Re8 14. Kh1 Nxd4 15.
Bxd4 Bc6 16. f3 b6 17. Qd2 Qd7 18. Rcd1 Qb7 19. Nd5 e5 20. Nxf6+ Bxf6 21. Bb2
Rcd8 22. Ba3 Be7 23. h3 Rf8 24. Bd3 Kg7 25. Bc1 g5 26. Kh2 Kh8 27. Qe2 Rg8 28.
Bb2 f6 29. Rg1 Rg6 30. Bb1 Qd7 31. Ba3 Qc7 32. Rd2 Rd7 33. Rgd1 Rg8 34. Qf2 Rg6
35. g3 Qb8 36. Rd3 Rg8 37. Bc2 Qc7 38. Qd2 Rgd8 39. b4 Kg7 40. Bb3 Bb7 41. c5
d5 42. Ba4 d4 43. Bxd7 Qxd7 44. cxb6 axb6 45. b5 Bxa3 46. Rxa3 Bc8 47. g4 Qxb5
48. Rb3 Qa6 49. Rdb1 Rd6 50. h4 gxh4 51. Kh3 Be6 52. R3b2 h6 53. Kxh4 Rc6 54.
Kg3 Qa3 55. Rh1 Qe3 56. Qxe3 dxe3 57. Re1 Rc3 58. a4 Ra3 59. Rxb6 Bc4 60. Rb7+
Kg6 61. Ra7 h5 62. gxh5+ Kxh5 63. Rg7 1-0

[Event "Bayern-chTT (RL Nord-West)"]
[Site "Bayern 2008/09"]
[Date "2009.01.18"]
[Round "5.5"]
[White "Hanft, Michael"]
[Black "Wambach, Juergen"]
[Result "1/2-1/2"]
[WhiteElo "1977"]
[BlackElo "1975"]
[PlyCount "57"]
[EventDate "2009.03.??"]
[EventType "team-tourn"]
[EventRounds "9"]
[WhiteTeam "Kitzingen 1"]
[BlackTeam "Klingenberg 1"]

1. d4 d6 2. c4 Nd7 3. Nc3 e5 4. Nf3 Ngf6 5. e4 Be7 6. d5 Nc5 7. Qc2 a5 8. Be2
O-O 9. O-O Ne8 10. Be3 b6 11. a3 f5 12. b4 Nxe4 13. Nxe4 fxe4 14. Nd2 axb4 15.
axb4 Rxa1 16. Rxa1 Bg5 17. Bxg5 Qxg5 18. Nxe4 Qh4 19. Bd3 g6 20. Ra8 Bf5 21. g3
Qe7 22. h4 Ng7 23. Rxf8+ Qxf8 24. Qa4 Bxe4 25. Bxe4 Nf5 26. Qd7 Qf7 27. Bxf5
gxf5 28. Qd8+ Kg7 29. Qg5+ 1/2-1/2

[Event "Bayern-chTT (RL Nord-West)"]
[Site "Bayern 2008/09"]
[Date "2009.01.18"]
[Round "5.6"]
[White "Suess, Mirco"]
[Black "Kwossek, Georg"]
[Result "1/2-1/2"]
[WhiteElo "1930"]
[BlackElo "1981"]
[PlyCount "68"]
[EventDate "2009.03.??"]
[EventType "team-tourn"]
[EventRounds "9"]
[WhiteTeam "Klingenberg 1"]
[BlackTeam "Kitzingen 1"]

1. e4 e6 2. d4 d5 3. e5 c5 4. c3 Qb6 5. Nf3 Bd7 6. Bd3 Bb5 7. O-O Bxd3 8. Qxd3
Nc6 9. a3 cxd4 10. cxd4 Nge7 11. b4 Nf5 12. Bb2 h5 13. Nbd2 g5 14. Nb3 g4 15.
Ne1 h4 16. Nc2 g3 17. Ne3 gxf2+ 18. Rxf2 Nxe5 19. dxe5 Qxe3 20. Qb5+ Kd8 21.
Qxb7 Rc8 22. Na5 Rc7 23. Qb8+ Kd7 24. Qb5+ Kd8 25. Nc6+ Kc8 26. Qb8+ Kd7 27.
Qd8+ Kxc6 28. Rc1+ Bc5 29. Rxc5+ Qxc5 30. Qxh8 Qe3 31. Qe8+ Kb7 32. Qb5+ Kc8
33. Qe8+ Kb7 34. Qb5+ Kc8 1/2-1/2

[Event "Bayern-chTT (RL Nord-West)"]
[Site "Bayern 2008/09"]
[Date "2009.01.18"]
[Round "5.7"]
[White "Gernert, Ingolf"]
[Black "Zoeller, Bernd"]
[Result "1-0"]
[WhiteElo "1971"]
[BlackElo "1904"]
[PlyCount "73"]
[EventDate "2009.03.??"]
[EventType "team-tourn"]
[EventRounds "9"]
[WhiteTeam "Kitzingen 1"]
[BlackTeam "Klingenberg 1"]

1. c4 e5 2. g3 Nf6 3. Bg2 Be7 4. Nc3 d6 5. e3 O-O 6. Nge2 c6 7. O-O Be6 8. b3
Qc8 9. Ba3 Bh3 10. f4 Bxg2 11. Kxg2 Qc7 12. Bb2 Nbd7 13. h3 b5 14. d3 b4 15.
Na4 e4 16. Nd4 Rfe8 17. Nf5 Bf8 18. d4 d5 19. g4 g6 20. Ng3 h6 21. Rc1 Qd6 22.
Rc2 Bg7 23. Qe1 Rab8 24. c5 Qe7 25. Kh2 Nh7 26. Rg2 Qh4 27. Qe2 Ndf6 28. Rh1 a5
29. Nb6 Rbd8 30. Bc1 Nd7 31. Nxd7 Rxd7 32. Qa6 Nf6 33. Kg1 h5 34. g5 Nh7 35.
Bd2 Bf8 36. Be1 Be7 37. Bf2 1-0

[Event "Bayern-chTT (RL Nord-West)"]
[Site "Bayern 2008/09"]
[Date "2009.01.18"]
[Round "5.8"]
[White "Link, Klaus"]
[Black "Degering, Florian"]
[Result "0-1"]
[WhiteElo "1935"]
[BlackElo "1990"]
[PlyCount "104"]
[EventDate "2009.03.??"]
[EventType "team-tourn"]
[EventRounds "9"]
[WhiteTeam "Klingenberg 1"]
[BlackTeam "Kitzingen 1"]

1. e4 e5 2. Nf3 Nc6 3. d4 exd4 4. Nxd4 Bc5 5. Be3 Qf6 6. c3 Nge7 7. Be2 d6 8.
O-O O-O 9. Nxc6 Nxc6 10. Bxc5 dxc5 11. f4 Be6 12. Nd2 Rad8 13. Qc2 Qe7 14. Rae1
f6 15. Bc4 Bxc4 16. Nxc4 b6 17. Ne3 Qf7 18. Nd5 Nb8 19. f5 Rd6 20. Nf4 Re8 21.
Ne6 Nc6 22. Qa4 a5 23. Rd1 Rdxe6 24. fxe6 Qxe6 25. Rd5 Re7 26. Qb3 Kf7 27. e5
a4 28. Qd1 Nxe5 29. Rd8 Qg4 30. h3 Qh4 31. Qd5+ Kg6 32. Qd2 Qc4 33. Qc2+ Kh6
34. Qd2+ Kg6 35. Rf4 Qxa2 36. Qc2+ Kf7 37. Qxh7 Qa1+ 38. Rf1 Qxb2 39. Qh5+ Ke6
40. Rf8 Qc2 41. Qh8 Qb3 42. Re8 Rxe8 43. Qxe8+ Kd6 44. h4 a3 45. h5 a2 46. Qf8+
Kc6 47. Qxg7 Qxc3 48. Qxf6+ Kb7 49. h6 a1=Q 50. h7 Nf3+ 51. Qxf3+ Qxf3 52. gxf3
Qg7+ 0-1

[Event "Bayern-chTT (RL Nord-West)"]
[Site "Bayern 2008/09"]
[Date "2009.01.18"]
[Round "5.2"]
[White "Wunder, Stefan(58)"]
[Black "Kuhn, Norbert"]
[Result "1-0"]
[WhiteElo "2033"]
[BlackElo "2083"]
[PlyCount "103"]
[EventDate "2009.03.??"]
[EventType "team-tourn"]
[EventRounds "9"]
[WhiteTeam "Nordhalben 1"]
[BlackTeam "Würzburg 2"]

1. Nf3 d5 2. g3 Nf6 3. Bg2 Nbd7 4. d4 e6 5. O-O Bd6 6. c4 c6 7. cxd5 cxd5 8.
Nc3 a6 9. Qd3 O-O 10. Bg5 h6 11. Bd2 b5 12. Rac1 b4 13. Na4 Ne4 14. Ne5 Bxe5
15. Bxe4 dxe4 16. Qxe4 Rb8 17. dxe5 Qa5 18. b3 Bb7 19. Bxb4 Qb5 20. Qc4 Rfc8
21. Qxb5 axb5 22. Nc3 Ba6 23. Bd6 Rb6 24. Ne4 Rbc6 25. Rxc6 Rxc6 26. Rd1 Rc2
27. Rd2 Rxd2 28. Nxd2 f5 29. Nf3 Nb6 30. Nd4 Kf7 31. Nc6 Ke8 32. f3 Nd5 33. Kf2
Nc3 34. Nb4 Bb7 35. Ke1 Nd5 36. Nd3 Ne3 37. Nc5 Bd5 38. Na6 Bc6 39. Bc5 Nd5 40.
Kd2 Bb7 41. Nb4 Nxb4 42. Bxb4 h5 43. Ke3 Kd7 44. Kf4 Kc6 45. Kg5 Kd5 46. Kxh5
Kxe5 47. Bc3+ Kd6 48. Bxg7 Bc6 49. Kg5 Ke7 50. h4 Kf7 51. Bc3 Kg8 52. Kf6 1-0

[Event "Bayern-chTT (RL Nord-West)"]
[Site "Bayern 2008/09"]
[Date "2009.01.18"]
[Round "5.3"]
[White "Gehlert, Klaus"]
[Black "Hild, Detlef"]
[Result "1/2-1/2"]
[WhiteElo "2069"]
[BlackElo "2050"]
[PlyCount "66"]
[EventDate "2009.03.??"]
[EventType "team-tourn"]
[EventRounds "9"]
[WhiteTeam "Würzburg 2"]
[BlackTeam "Nordhalben 1"]

1. d4 e6 2. c4 Nf6 3. Nc3 Bb4 4. Nf3 O-O 5. Bg5 h6 6. Bh4 d5 7. e3 c5 8. a3
Bxc3+ 9. bxc3 Nbd7 10. cxd5 Qa5 11. Qb3 Nxd5 12. Rc1 Re8 13. Be2 cxd4 14. exd4
Nf4 15. Bg3 Nxe2 16. Kxe2 b6 17. Kf1 Ba6+ 18. Kg1 Rac8 19. h3 Rc4 20. Bf4 Rec8
21. Bd2 e5 22. Kh2 Bb7 23. Rhd1 Qd5 24. Qb2 Qd6 25. dxe5 Nxe5 26. Nxe5 Qxe5+
27. Kh1 Qe2 28. Rf1 Rd8 29. Rcd1 Rd6 30. Bc1 Qh5 31. f3 Bxf3 32. Rxd6 Qxh3+ 33.
Kg1 Bxg2 1/2-1/2

[Event "Bayern-chTT (RL Nord-West)"]
[Site "Bayern 2008/09"]
[Date "2009.01.18"]
[Round "5.4"]
[White "Scherbel, Hans"]
[Black "Vogt, Thomas(67)"]
[Result "1-0"]
[WhiteElo "2023"]
[BlackElo "1895"]
[PlyCount "85"]
[EventDate "2009.03.??"]
[EventType "team-tourn"]
[EventRounds "9"]
[WhiteTeam "Nordhalben 1"]
[BlackTeam "Würzburg 2"]

1. c4 Nf6 2. Nc3 c5 3. Nf3 Nc6 4. d4 cxd4 5. Nxd4 e6 6. g3 d5 7. Bg2 Bb4 8. O-O
Bxc3 9. bxc3 Qa5 10. Qb3 O-O 11. cxd5 exd5 12. Bf4 a6 13. Rac1 Re8 14. Rfe1 Ne4
15. Be3 Ne5 16. Bxe4 dxe4 17. c4 Ng4 18. Bf4 Qh5 19. h4 Qc5 20. Qc3 Bd7 21. Rf1
Rad8 22. Nb3 Qa7 23. c5 Qa8 24. Bc7 Rc8 25. Bb6 Qb8 26. Qd4 Bf5 27. Na5 e3 28.
f4 Be4 29. Nc4 Bc6 30. Nd6 Rcd8 31. Qc4 Rxd6 32. cxd6 Qxd6 33. Rcd1 Qe7 34. Qd4
Qa3 35. Qc4 Qb2 36. Rd4 Qxb6 37. Rfd1 h6 38. f5 Qb5 39. Rxg4 Qxf5 40. Rf4 Qh3
41. Qxf7+ Kh7 42. Qf5+ Kh8 43. Qxh3 1-0

[Event "Bayern-chTT (RL Nord-West)"]
[Site "Bayern 2008/09"]
[Date "2009.01.18"]
[Round "5.5"]
[White "Ersoez, Can"]
[Black "Burgemeister, Wolfgang"]
[Result "0-1"]
[WhiteElo "1883"]
[BlackElo "1979"]
[PlyCount "58"]
[EventDate "2009.03.??"]
[EventType "team-tourn"]
[EventRounds "9"]
[WhiteTeam "Würzburg 2"]
[BlackTeam "Nordhalben 1"]

1. e4 g6 2. d4 Bg7 3. Nc3 d5 4. e5 c5 5. f4 cxd4 6. Qxd4 e6 7. Nf3 Nh6 8. Bd2
O-O 9. O-O-O Nc6 10. Qg1 f6 11. Bb5 Nf7 12. Bxc6 bxc6 13. Re1 fxe5 14. fxe5 Qb6
15. Be3 Bh6 16. Na4 Qa5 17. b3 Rb8 18. Bxh6 Nxh6 19. Qc5 Qxc5 20. Nxc5 Rb5 21.
Nd3 c5 22. a4 Ra5 23. h4 Rf5 24. Nh2 c4 25. Nb4 Rc5 26. g4 Rf4 27. Rhf1 Rxf1
28. Rxf1 a5 29. Na2 cxb3 0-1